La seule métropole commençant par... #2 - Statistiques

Statistiques générales
  • Ce quiz a été pris 33 fois
  • Le résultat moyen est 7 sur 25
Statistiques - réponses
Deux premières lettres Pays Population Ville % Correct
Tb... Géorgie 1 080 000 Tbilissi
97%
Tr... Libye 1 176 000 Tripoli
94%
Od... Ukraine 1 008 000 Odessa
90%
Er... Arménie 1 092 000 Erevan
87%
Ok... Etats-Unis 1 008 000 Oklahoma City
61%
Om... Russie 1 181 000 Omsk
45%
Ce... Philippines 1 010 000 Cebu
32%
Vo... Russie 1 077 000 Voronej
29%
Kr... Russie 1 159 000 Krasnoyarsk
23%
Tc... Russie 1 237 000 Tcheliabinsk
23%
Di... Turquie 1 080 000 Diyarbakir
19%
Ke... Iran 1 067 000 Kermanshah
13%
Mw... Tanzanie 1 248 000 Mwanza
13%
Ar... Brésil 1 043 000 Aracaju
10%
Il... Nigeria 1 001 000 Ilorin
10%
Mc... Etats-Unis 1 061 000 McAllen
10%
My... Inde 1 262 000 Mysore
10%
Uy... Nigeria 1 268 000 Uyo
6%
Nn... Nigeria 1 180 000 Nnewi
3%
Ny... Soudan 1 014 000 Nyala
3%
Ru... Chine 1 248 000 Ruian
3%
Ts... République Démocratique du Congo 1 026 000 Tshikapa
3%
Yo... Corée du Sud 1 122 000 Yongin
3%
Ik... Nigeria 1 043 000 Ikorodu
0%
Za... Chine 1 118 000 Zaozhuang
0%
Aucun quiz correspondant
Distribution des résultats
% des personnes avec chaque résultat
Percentile par nombre de réponses
Votre historique - résultats
Vous n’avez pas pris ce quiz